Statistiques concernant 16 personnalités MBTI codes correspondant aux noms

Cliquez ici pour prendre le quiz!

Statistiques générales

  • Ce quiz a été pris 27 fois
  • Le résultat moyen est 12 sur 16

Statistiques - réponses

NomsCodes% Correct
AmuseurESFP
93%
CommandantENTJ
87%
MédiateurINFP
87%
LogicienINTP
87%
ProtagonisteENFJ
80%
InspirateurENFP
80%
ArchitecteINTJ
80%
InnovateurENTP
73%
EntrepreneurESTP
73%
AvocatINFJ
73%
DirecteurESTJ
67%
DéfenseurISFJ
67%
LogisticienISTJ
67%
VirtuoseISTP
67%
AventurierISFP
60%
ConsulESFJ
53%

Distribution des résultats

Percentile par nombre de réponses

% des personnes avec chaque résultat

Votre développement - résultats

Vous n’avez pas pris ce quiz